<?xml version="1.0" encoding="UTF-8"?>
<record
    xmlns:xsi="http://www.w3.org/2001/XMLSchema-instance"
    xsi:schemaLocation="http://www.loc.gov/MARC21/slim http://www.loc.gov/standards/marcxml/schema/MARC21slim.xsd"
    xmlns="http://www.loc.gov/MARC21/slim">

  <leader>02298nam a2200229 a 4500</leader>
  <controlfield tag="001">000025823</controlfield>
  <controlfield tag="005">20200930024057.0</controlfield>
  <controlfield tag="008">800131s1968    sp            000 f spa d</controlfield>
  <datafield tag="040" ind1=" " ind2=" ">
    <subfield code="a">DO-SdBNP</subfield>
    <subfield code="b">spa</subfield>
    <subfield code="c">BNPHU</subfield>
  </datafield>
  <datafield tag="082" ind1=" " ind2=" ">
    <subfield code="a">808.831</subfield>
    <subfield code="b">A634m,1968</subfield>
  </datafield>
  <datafield tag="245" ind1="0" ind2="0">
    <subfield code="a">Antolog&#xED;a de las mejores novelas polic&#xED;acas /</subfield>
    <subfield code="c">selecci&#xF3;n de Antonino Gonz&#xE1;lez Morales y Jos&#xE9; A. Llorens.</subfield>
  </datafield>
  <datafield tag="260" ind1=" " ind2=" ">
    <subfield code="a">Barcelona :</subfield>
    <subfield code="b">Acervo,</subfield>
    <subfield code="c">1968.</subfield>
  </datafield>
  <datafield tag="300" ind1=" " ind2=" ">
    <subfield code="a">v. ;</subfield>
    <subfield code="c">21 cm.</subfield>
  </datafield>
  <datafield tag="500" ind1=" " ind2=" ">
    <subfield code="a">La biblioteca posee los volumenes 10, 11, 12</subfield>
  </datafield>
  <datafield tag="505" ind1="0" ind2=" ">
    <subfield code="g">v.10</subfield>
    <subfield code="a">Una ilusi&#xF3;n en rojo y blanco /</subfield>
    <subfield code="r">Stephens Crane</subfield>
    <subfield code="t">La mujer leopardo /</subfield>
    <subfield code="r">Dorothy L. Sayers</subfield>
    <subfield code="t">Si esto es locura /</subfield>
    <subfield code="r">Lawrence Block</subfield>
    <subfield code="t">Sospechoso n&#xFA;mero uno /</subfield>
    <subfield code="r">Richard Deming</subfield>
    <subfield code="t">Justicia r&#xFA;stica /</subfield>
    <subfield code="r">John Faulkner</subfield>
    <subfield code="t">Profesi&#xF3;n : asesino a sueldo /</subfield>
    <subfield code="r">Jos&#xE9; Ma. Aroca</subfield>
    <subfield code="t">El joyero chino /</subfield>
    <subfield code="r">Jos&#xE9; Ma. Aroca</subfield>
    <subfield code="t">Trampa mortal /</subfield>
    <subfield code="r">Fredric Brown</subfield>
    <subfield code="t">El cumple&#xF1;os de Granny /</subfield>
    <subfield code="r">Fredric Brown</subfield>
    <subfield code="t">Nadie al tel&#xE9;fono /</subfield>
    <subfield code="r">Robert Arthur</subfield>
    <subfield code="t">Asesinato en el muelle /</subfield>
    <subfield code="r">Budd Schulberg</subfield>
    <subfield code="t">La muerte por unas manos invisibles /</subfield>
    <subfield code="r">John Dickson Carr</subfield>
    <subfield code="t">Culpable inocente /</subfield>
    <subfield code="r">Amadeo Ferr&#xE9;s Marsal</subfield>
    <subfield code="t">El hombre en la mesa /</subfield>
    <subfield code="r">C. B. Gilford</subfield>
    <subfield code="t">Una historia de fantasmas /</subfield>
    <subfield code="r">Henry Kane</subfield>
    <subfield code="t">La llamada /</subfield>
    <subfield code="r">Paul Sartoris</subfield>
    <subfield code="t">Lucha leal /</subfield>
    <subfield code="r">Cornell Woolrich</subfield>
  </datafield>
  <datafield tag="505" ind1="0" ind2=" ">
    <subfield code="g">v. 12</subfield>
    <subfield code="t">El perro y el caballo /</subfield>
    <subfield code="r">Voltaire</subfield>
    <subfield code="t">D'artagna detective: el duelo /</subfield>
    <subfield code="r">Alejandro Dumas</subfield>
    <subfield code="t">El hombre del alfanje /</subfield>
    <subfield code="r">Alejandro Dumas</subfield>
    <subfield code="t">El notario de Perigueux /</subfield>
    <subfield code="r">Henry W. Longfellow</subfield>
    <subfield code="t">La carta robada /</subfield>
    <subfield code="r">Edgar Allan Poe</subfield>
    <subfield code="t">El toque de clar&#xED;n /</subfield>
    <subfield code="r">O'Henry</subfield>
    <subfield code="t">Jimmy Valentine /</subfield>
    <subfield code="r">O'Henry</subfield>
    <subfield code="t">El robo del elefante blanco /</subfield>
    <subfield code="r">Mark Twain</subfield>
    <subfield code="t">El maestro del misterio /</subfield>
    <subfield code="r">Jack London</subfield>
    <subfield code="t">Boomerang /</subfield>
    <subfield code="r">Andr&#xE9;-Paul Duchateau</subfield>
    <subfield code="t">La esposa del jugador de p&#xF3;quer /</subfield>
    <subfield code="r">Cornell Woolrich</subfield>
    <subfield code="t">Doble enigma /</subfield>
    <subfield code="r">Inglis Carter</subfield>
    <subfield code="t">Humo en el coraz&#xF3;n /</subfield>
    <subfield code="r">Antonino Gonz&#xE1;lez Morales</subfield>
    <subfield code="t">Bonifacio el t&#xED;mido /</subfield>
    <subfield code="r">Luis Arrizabalaga</subfield>
    <subfield code="t">El &#xFA;ltimo testigo /</subfield>
    <subfield code="r">Luis Arrizabalaga</subfield>
    <subfield code="t">El amigo Charbonier /</subfield>
    <subfield code="r">Francisco Cort&#xE9;s Rubio</subfield>
    <subfield code="t">Un muerto en la carretera /</subfield>
    <subfield code="r">Joaqu&#xED;n Ruiz Catarineu</subfield>
    <subfield code="t">Era una presencia muerta /</subfield>
    <subfield code="r">Noel Claras&#xF3;</subfield>
    <subfield code="t">V&#xED;ctima seis /</subfield>
    <subfield code="r">Pedro Sangro Gsell</subfield>
    <subfield code="t">Rapto de la ni&#xF1;a G&#xE1;lvez /</subfield>
    <subfield code="r">Le&#xF3;n -Ignacio</subfield>
  </datafield>
  <datafield tag="650" ind1=" " ind2="4">
    <subfield code="a">Novela polic&#xED;aca</subfield>
    <subfield code="x">Colecciones</subfield>
    <subfield code="9">50055</subfield>
  </datafield>
  <datafield tag="650" ind1=" " ind2="4">
    <subfield code="a">Literatura</subfield>
    <subfield code="x">Colecciones</subfield>
    <subfield code="9">40253</subfield>
  </datafield>
  <datafield tag="700" ind1="1" ind2="2">
    <subfield code="a">Llorens, Jos&#xE9; A.</subfield>
    <subfield code="9">4194</subfield>
  </datafield>
  <datafield tag="700" ind1="1" ind2="2">
    <subfield code="a">Gonz&#xE1;lez Morales, Antonio</subfield>
    <subfield code="9">52651</subfield>
  </datafield>
  <datafield tag="910" ind1=" " ind2=" ">
    <subfield code="a">Validado. Control de calidad MFF</subfield>
  </datafield>
  <datafield tag="952" ind1=" " ind2=" ">
    <subfield code="0">0</subfield>
    <subfield code="1">0</subfield>
    <subfield code="5">0</subfield>
    <subfield code="7">1</subfield>
    <subfield code="8">MO</subfield>
    <subfield code="a">GR</subfield>
    <subfield code="b">GR</subfield>
    <subfield code="c">HD</subfield>
    <subfield code="d">2011-02-22</subfield>
    <subfield code="i">LF1</subfield>
    <subfield code="l">0</subfield>
    <subfield code="o">v.10</subfield>
    <subfield code="p">25823-10</subfield>
    <subfield code="r">2020-06-25</subfield>
    <subfield code="w">2020-06-25</subfield>
    <subfield code="y">1</subfield>
    <subfield code="Z">No se presta</subfield>
  </datafield>
  <datafield tag="952" ind1=" " ind2=" ">
    <subfield code="0">0</subfield>
    <subfield code="1">0</subfield>
    <subfield code="5">0</subfield>
    <subfield code="7">1</subfield>
    <subfield code="8">MO</subfield>
    <subfield code="a">GR</subfield>
    <subfield code="b">GR</subfield>
    <subfield code="c">HD</subfield>
    <subfield code="d">2013-07-31</subfield>
    <subfield code="i">LF1</subfield>
    <subfield code="l">0</subfield>
    <subfield code="o">v.11</subfield>
    <subfield code="p">25823-20</subfield>
    <subfield code="r">2020-06-25</subfield>
    <subfield code="w">2020-06-25</subfield>
    <subfield code="y">1</subfield>
    <subfield code="Z">No se presta</subfield>
  </datafield>
  <datafield tag="952" ind1=" " ind2=" ">
    <subfield code="0">0</subfield>
    <subfield code="1">0</subfield>
    <subfield code="5">0</subfield>
    <subfield code="7">1</subfield>
    <subfield code="8">MO</subfield>
    <subfield code="a">GR</subfield>
    <subfield code="b">GR</subfield>
    <subfield code="c">HD</subfield>
    <subfield code="d">2013-07-31</subfield>
    <subfield code="i">LF1</subfield>
    <subfield code="l">0</subfield>
    <subfield code="o">v.12</subfield>
    <subfield code="p">25823-30</subfield>
    <subfield code="r">2020-06-25</subfield>
    <subfield code="w">2020-06-25</subfield>
    <subfield code="y">1</subfield>
    <subfield code="Z">No se presta</subfield>
  </datafield>
  <datafield tag="999" ind1=" " ind2=" ">
    <subfield code="c">25315</subfield>
    <subfield code="d">25315</subfield>
  </datafield>
</record>
